| 000 | 00390nam a2200133Ia 4500 | ||
|---|---|---|---|
| 008 | 231017s9999 xx 000 0 und d | ||
| 082 | _a388.1120994 | ||
| 082 | _bAUS | ||
| 245 | 0 | _aEconomic Evaluation of Road Investigation Proposals: Improved Methods for Estimating Australian Unit Crash costs (AP-R238) | |
| 245 | 0 | _cAustroads | |
| 260 | _bAustroads | ||
| 300 | _c30cm | ||
| 942 | _cREP | ||
| 999 |
_c604296 _d604296 |
||